| 000 | 00628nam a2200205 u 4500 | ||
|---|---|---|---|
| 005 | 20240910063939.0 | ||
| 008 | 100215s2004 ec r 000 0 spa d | ||
| 020 | _a9978542051 | ||
| 035 | _aUPN01000174739 | ||
| 049 | _aI | ||
| 050 | 4 |
_aPZ78 _bG6.46 |
|
| 100 | 1 |
_aGonzález de Soria, Ana Carlota _931741 |
|
| 245 | 1 | 0 |
_aInvasión saturniana / _cAna González de Soria ; il. Camila Fernández de Córdova. |
| 260 |
_aQuito : _bNorma, _b2006. |
||
| 300 |
_a119 p. : _bil. |
||
| 440 | 0 |
_aTorre de papel. _pAzul |
|
| 650 | 4 |
_aCUENTOS INFANTILES CHILENOS _911282 |
|
| 650 | 4 |
_aNiños en la literatura _914415 |
|
| 905 | _aInfantil | ||
| 999 |
_c146843 _d146843 |
||